Mission to Mars /

Bibliographic Details
Main Author: Collins, Michael, 1930-2021
Format: Book
Language:English
Published: New York : Grove Weidenfeld, [1990]
Edition:1st ed.
Subjects:

MARC

Tag First Indicator Second Indicator Subfields
LEADER 00000cam a22000008a 4500
001 in00000985366
005 20210904063132.0
008 900427s1990 nyu 00010 eng
010 |a  90037632  
020 |a 0802111602 
035 |a (OCoLC)21561076 
035 |9 AEZ3171AM 
040 |a DLC  |c DLC  |d UtOrBLW 
049 |a TXAM 
050 0 0 |a TL799.M3  |b C65 1990 
082 0 0 |a 629.45/53  |2 20 
100 1 |a Collins, Michael,  |d 1930-2021. 
245 1 0 |a Mission to Mars /  |c Michael Collins. 
250 |a 1st ed. 
263 |a 9008 
264 1 |a New York :  |b Grove Weidenfeld,  |c [1990] 
264 4 |c ©1990 
300 |a 307 pages :  |b illustrations 
336 |a text  |b txt  |2 rdacontent 
337 |a unmediated  |b n  |2 rdamedia 
338 |a volume  |b nc  |2 rdacarrier 
500 |a Includes index. 
650 0 |a Space flight to Mars. 
999 |a MARS 
999 f f |s 4bce323a-c691-3288-b2dd-717eb8f62301  |i a7eceb57-9739-37dd-8eaa-3f4ecac69a05  |t 0 
952 f f |p ric  |a Texas A&M University  |b Rellis Campus  |c Joint Library Facility  |d Remote Storage  |t 0  |e TL799.M3 C65 1990  |h Library of Congress classification  |i unmediated -- volume  |m A14821585622 
998 f f |a TL799.M3 C65 1990  |t 0  |l Remote Storage